Language Quiz

Random Language Quiz

3-Letter Words Ending with C Quiz Stats

 Plays Quiz not verified by Sporcle

Challenge
Share
Tweet
Embed
Score 0/19 Timer 01:30
0 Plays Today
% Correct
tic
85.5%
sac
82.9%
mic
77.6%
pic
76.3%
mac
75%
sic
72.4%
lac
67.1%
pac
65.8%
sec
65.8%
arc
64.5%
% Correct
hic
61.8%
pec
59.2%
roc
59.2%
orc
52.6%
moc
50%
rec
50%
doc
48.7%
vac
28.9%
myc
10.5%

You're not logged in!

Compare scores with friends on all Sporcle quizzes.
OR
Log In

You Might Also Like...

Show Comments

Extras

Top Quizzes Today


Score Distribution

Your Account Isn't Verified!

In order to create a playlist on Sporcle, you need to verify the email address you used during registration. Go to your Sporcle Settings to finish the process.

Report this User

Report this user for behavior that violates our Community Guidelines.

Details: